El retorno a sion / (Record no. 175)

000 -CABECERA
fixed length control field 00808nam a22002057a 4500
003 - IDENTIFICADOR DEL NÚMERO DE CONTROL
control field AR-CdUCM
008 - DATOS DE LONGITUD FIJA--INFORMACIÓN GENERAL
fixed length control field 190222b ||||| |||| 00| 0 spa d
040 ## - FUENTE DE LA CATALOGACIÓN
Agencia/entidad que catalogó originalmente la obra MUNICIPALIDAD PROVINCIAL DEL CUSCO
Entidad que transcribió la catalogación BIBLIOTECA MUNICIPAL DEL CUSCO
082 ## - NÚMERO DE LA CLASIFICACIÓN DECIMAL DEWEY
No. de Clasificación 956.94 /
Notacion interna R91
100 ## - ENTRADA PRINCIPAL--NOMBRE DE PERSONA
Nombre Personal Rubinstein, Aryeh
245 ## - MENCIÓN DE TÍTULO
Título El retorno a sion /
260 ## - PUBLICACIÓN, DISTRIBUCIÓN, ETC.
Lugar de publicación, distribución, etc. Israel :
Nombre de la editorial, distribuidor, etc. Israel Program sor Scientific Translations,
Fecha de publicación, distribución, etc. 1977.
300 ## - DESCRIPCIÓN FÍSICA
Nº de Páginas Extensión 147 páginas ;
Otros detalles físicos Ilustraciones.
Dimensiones 20 cm.
505 ## - NOTA DE CONTENIDO CON FORMATO
Nota de contenido formateada Contenido: El pacto con Abraham -- El movimiento Jibat Tzión: la tesis de Pínsker -- Renacimiento del Antisemitismo -- Sionistas políticos y sionistas prácticos -- Los árabes de Palestina
650 ## - PUNTO DE ACCESO ADICIONAL DE MATERIA--TÉRMINO DE MATERIA
Descriptor Estado judío
9 (RLIN) 813
650 ## - PUNTO DE ACCESO ADICIONAL DE MATERIA--TÉRMINO DE MATERIA
Descriptor Israel
9 (RLIN) 360
650 ## - PUNTO DE ACCESO ADICIONAL DE MATERIA--TÉRMINO DE MATERIA
Descriptor Palestina
9 (RLIN) 814
942 ## - ELEMENTOS DE PUNTO DE ACCESO ADICIONAL (KOHA)
Fuente de clasificación
Tipo de item Libros-BMC
945 ## - PROCESAMIENTO DE INFORMACIÓN LOCAL (OCLC)
Catalogador afb
AAAA-MM-DD - Fecha de ingreso o modificacion 2019-02-22
Holdings
Estado de retiro (separado) Fuente de clasificación o esquema de estanterías Estado dañado Ubicación Sala donde se ubica Nombre de la colección Fecha de adquisición o compra Costo, precio normal en soles Signatura topográfica Código de Barras Última vez visto (Koha) Tipo de ítem (Koha)
No     Sala Humanidades Sala Humanidades Book Cart 2019-02-22 15.00 956.94 / R91 SH0000000109 2019-02-22 Libros-BMC

Powered by Koha